Els Bombardejos a Viladecans de l'any 1938 / autor del text: Xavier Calderé i Bel Xavier Calderé i Bel
ISBN:
978-84-935330-1-4
Descripción Física:
36 p. : il. ; 21 cm
MARC
| LEADER | 00000nam a2200000Ia 4500 | ||
|---|---|---|---|
| 001 | 22009 | ||
| 003 | BGR | ||
| 005 | 20260324175817.0 | ||
| 008 | 160829s2009 xx 000 0 cat d | ||
| 020 | |a 978-84-935330-1-4 | ||
| 080 | |a FU-47-64 | ||
| 100 | 1 | |a Calderé i Bel, Xavier |9 39415 | |
| 245 | |a Els Bombardejos a Viladecans de l'any 1938 / autor del text: |b Xavier Calderé i Bel | ||
| 260 | |a Viladecans : |b Ajuntament de Viladecans, Arxiu Municipal de Viladecans, |c 2009 | ||
| 300 | |a 36 p. : |b il. ; |c 21 cm | ||
| 590 | |a Bibliografia. | ||
| 590 | |a S'ha utilitzat el fons de l'Arxiu General de la Diputació de Barcelona | ||
| 650 | |a Bombardeigs aeris |x Viladecans |9 42085 | ||
| 650 | |a Viladecans |x Història |x 1936/1939, Guerra Civil |9 42086 | ||
| 710 | 1 | |a Viladecans (Catalunya). |b Ajuntament |9 54292 | |
| 710 | 2 | |a Arxiu Municipal de Viladecans |9 54293 | |
| 901 | |a Arxiu | ||
| 942 | |n 1 |2 udc |c MON | ||
| 952 | |0 0 |1 0 |4 0 |6 FU4764 |7 1 |9 50657 |a Arxiu |b Arxiu |d 2016-12-01 |l 0 |o FU-47-64 |p 22009 |r 2016-12-01 00:00:00 |w 2016-12-01 |y ARXIU | ||
| 999 | |c 54499 |d 54499 | ||